000 00949nmc a2200325 a 4500
003 AR-BaBNM
005 20251128205429.0
008 011101s1996 ||||||||||||||000 | spa||
020 _a84-7827-134-1
040 _cAR-BaBNM
100 1 _aBonals, Joan
245 1 0 _aEl trabajo en equipo del profesorado
250 _a1ª ed.
260 _aBarcelona
_bGraó
_c1996
300 _a116 p.
_bdiagr.
490 0 _aBiblioteca de aula. Pedagogía
_vv. 101
504 _aBibliografía: p. 115-116
650 4 _aFORMACION DE DOCENTES
650 4 _aTRABAJO EN EQUIPO
650 4 _aANIMADORES DE EQUIPOS PEDAGOGICOS
650 4 _aFORMACION EN EQUIPO
650 4 _aASESORAMIENTO DEL DOCENTE
650 4 _aDINAMICA DE GRUPO
650 4 _aCONSTITUCION DE GRUPOS DE ESTUDIO
650 4 _aEQUIPO EDUCACIONAL
650 4 _aACTIVIDADES EN GRUPO
650 4 _aASESORAMIENTO DE GRUPO
700 1 _aVainstein, Nilda I.
_eprologuista
942 _cBK
999 _c11390
_d11390